000 00304nam a22001337a 4500
008 171009b xxu||||| |||| 00| 0 eng d
020 _a021692012959
041 _aeng
080 _a159.9
100 _a49
101 _aPSI
245 _aATTENTION DEFICIT DISORDER IN ADULTS
_cWEISS,L
942 _2udc
_cBK
999 _c32638
_d32638